00438nam a2200133 a 450000500170000000800410001704100080005804400070006610000270007324501300010026000330023030000110026370000300027420140318112553.0140318b1994 ag ||||| |||| 00| 0 spa d aspa aag aDonadio, Oscar Enrique aBiología y conservación de las especies del género Tupinambis (Squamata, Sauria Teiidae) en la República de Argentina aBuenos AiresbCONICETc1994? a120 p. aGallardo , José María